000 00489nam a2200181Ia 4500
001 7573
005 20260306160505.0
008 260306t2008||||xx |||||||||||||| ||spa||
041 _aESP
082 _a351.71285
_bE92 2008
100 _aUrrunaga, Roberto
_eAUT
245 0 _aEstudios de caso sobre regularización en infraestructura y servicios públicos en el Perú
260 _c2008
300 _a203 páginas :
_ccm.
650 _aGEN
654 _aCAN
942 _cLIB
_dJUS
_fJUS
_2ddc
_n
999 _c7573
_d7573